00500nam a22001697a 450000500170000001000150001702000260003203500130005803700130007108200110008410000160009524500540011126000380016527000420020330000350024550000500028020140425112619.0 aENG-109511 c995.00a9788125054511 aEN-93044 bDBAD/PUB a954.04 aMenon, V.P.00aIntegration of the Indian states /cby V.P. Menon aNew DelhibOrient Blakswan c2014 a1/24 Asaf Ali RoadbNew Delhie110002 axxxiv,500p. :c22cm(pbk)bill. aIncludes bibliographical references and index